<?xml version="1.0" encoding="UTF-8"?>
<collection xmlns="http://www.loc.gov/MARC21/slim">
 <record>
  <leader>00722nam a22001811  4500</leader>
  <controlfield tag="001">1/13391</controlfield>
  <controlfield tag="008">980910s1972    enk            001 0eng d</controlfield>
  <datafield tag="035" ind1=" " ind2=" ">
   <subfield code="l">13849</subfield>
  </datafield>
  <datafield tag="040" ind1=" " ind2=" ">
   <subfield code="a">DLC</subfield>
   <subfield code="b">GR-PeUP</subfield>
  </datafield>
  <datafield tag="082" ind1="0" ind2="0">
   <subfield code="a">331.761 FO</subfield>
  </datafield>
  <datafield tag="100" ind1="1" ind2=" ">
   <subfield code="a">Fottler, Myron D.</subfield>
  </datafield>
  <datafield tag="245" ind1="1" ind2="0">
   <subfield code="a">Manpower substitution in the hospital industry:</subfield>
   <subfield code="b">a study of New York city voluntary and municipal hospital systems/</subfield>
   <subfield code="c">Myron D. Fottler.</subfield>
  </datafield>
  <datafield tag="260" ind1=" " ind2=" ">
   <subfield code="a">New York:</subfield>
   <subfield code="b">Rraeger,</subfield>
   <subfield code="c">1972.</subfield>
  </datafield>
  <datafield tag="300" ind1=" " ind2=" ">
   <subfield code="a">xxiii, 165p.:</subfield>
   <subfield code="b">tabl.;</subfield>
   <subfield code="c">21cm.</subfield>
  </datafield>
  <datafield tag="504" ind1=" " ind2=" ">
   <subfield code="a">Bibliography.</subfield>
  </datafield>
  <datafield tag="650" ind1=" " ind2="4">
   <subfield code="a">Hospital</subfield>
   <subfield code="z">New York (State)</subfield>
   <subfield code="z">New York</subfield>
   <subfield code="x">Employees</subfield>
   <subfield code="x">Statistics.</subfield>
  </datafield>
  <datafield tag="650" ind1=" " ind2="4">
   <subfield code="a">Medical personnel</subfield>
   <subfield code="z">New York (State)</subfield>
   <subfield code="z">New York</subfield>
   <subfield code="x">Statistics.</subfield>
  </datafield>
  <datafield tag="852" ind1=" " ind2=" ">
   <subfield code="a">INST</subfield>
   <subfield code="b">UNIPILB</subfield>
   <subfield code="c">MAIN</subfield>
   <subfield code="e">20040709</subfield>
   <subfield code="h">331.761 FO</subfield>
   <subfield code="p">00110370</subfield>
   <subfield code="q">00110370</subfield>
   <subfield code="t">LOAN</subfield>
   <subfield code="y">0</subfield>
   <subfield code="4">1</subfield>
  </datafield>
 </record>
</collection>
